Statistics for Premier League Factfile: Bournemouth

Click here to take the quiz!

General Stats

  • This quiz has been taken 33 times
  • The average score is 3 of 8

Answer Stats

Answer% Correct
Eddie Howe
100%
Simon Francis
55%
Jordon Ibe
45%
Tommy Elphick
41%
Andrew Surman
31%
Benik Afobe
31%
Matt Ritchie
24%
Yann Kermorgant
3%

Score Distribution

Percentile by Number Answered

Percent of People with Each Score

Your Score History

You have not taken this quiz